000 00432ntaaa2200169 4500
003 01
005 20251027202634.0
008 0714s1973 ag 01
040 _aAR-BaBN
_bspa
_cAR-BaBN
_eaacr
_dRIC
082 _a371.4250 D85
100 _aDu Bois, Lauriston J
_925681
245 _aVocaciones para el creyente
250 _a1 ed.
260 _aKansas City :
_bCasa Nazarena de Publicaciones,
_cs.f.
300 _a64 p
942 _cBK
999 _c21508
_d21508